Akustická ekologie a soundscape v kontextu multimédií /

Hlavní autor: Trojan, Jan, 1982-
Korporativní autor: Akademie múzických umění v Praze. Hudební fakulta
Jazyk: Čeština
Angličtina
Vydáno: Praha : Triga pro Akademii múzických umění v Praze, 2011
Vydání: Vyd. 1.
Témata:
Fyzický popis: 116 s. : il. (převážně barev.), 1 mapa, noty ; 24 cm + 1 CD
Language note: Část. anglický text, anglické resumé
Knihy
Uloženo v:
LEADER 02027nam a2200565 a 4500
001 nkc20122360088
003 CZ PrNK
005 20130513103458.0
007 ta
008 120412s2011 xr abg e 000 0 cze
015 |a cnb002360088 
020 |a 978-80-904506-4-6  |q (Václav Riedelbauch - Triga :  |q brož.) 
035 |a (OCoLC)796019074 
040 |a OLA001  |b cze  |d ABA001 
041 0 |a cze  |a eng  |b eng 
072 7 |a 78  |x Hudba  |2 Konspekt  |9 9 
080 |a 78  |2 MRF 
080 |a 534-7  |2 MRF 
080 |a 534.835/.836  |2 MRF 
080 |a 613.644  |2 MRF 
080 |a 502.1  |2 MRF 
080 |a 78.02  |2 MRF 
080 |a (048.8)  |2 MRF 
100 1 |a Trojan, Jan,  |d 1982-  |7 mzk2008473040  |4 aut 
245 1 0 |a Akustická ekologie a soundscape v kontextu multimédií /  |c Jan Trojan 
250 |a Vyd. 1. 
260 |a Praha :  |b Triga pro Akademii múzických umění v Praze,  |c 2011 
300 |a 116 s. :  |b il. (převážně barev.), 1 mapa, noty ;  |c 24 cm +  |e 1 CD 
500 |a Naproti rubu tit. s. uvedeno: Akademie múzických umění v Praze, Hudební fakulta 
504 |a Obsahuje bibliografie a bibliografické odkazy 
546 |a Část. anglický text, anglické resumé 
650 0 7 |a hudba  |7 ph114719  |2 czenas 
650 0 7 |a zvuk  |7 ph127699  |2 czenas 
650 0 7 |a hluk  |7 ph120760  |2 czenas 
650 0 7 |a člověk a životní prostředí  |7 ph135365  |2 czenas 
650 0 7 |a hudební kompozice  |7 ph120912  |2 czenas 
650 0 9 |a music  |2 eczenas 
650 0 9 |a sound  |2 eczenas 
650 0 9 |a noise  |2 eczenas 
650 0 9 |a man and environment  |2 eczenas 
650 0 9 |a composition (music)  |2 eczenas 
653 0 |a akustická ekologie  |a soundscape  |a zvuková krajina 
655 7 |a studie  |7 fd133597  |2 czenas 
655 9 |a studies  |2 eczenas 
710 2 |a Akademie múzických umění v Praze.  |b Hudební fakulta  |7 kn20010709002 
910 2 |a BOA001  |b 2-1285.140 
990 |a BK 
995 |a 01 
991 |b 201205  |c NOV  |e n 
996 6 |b 2610509039  |c 2-1285.140  |l MZK  |r Sklad / do 1 hodiny  |n 11  |p p.v.  |w 001241188  |u 000010  |a 1  |e BOA001  |j MZK50  |s P